000 00286nam a2200121Ia 4500
005 20251222144836.0
008 251222s9999||||xx |||||||||||||| ||spa||
082 _a923.5/G16
100 _a"Galván Moreno, C."
245 0 _aSan Martín: El libertador
250 _a3a.ed.
942 _cLIB
999 _c21048
_d21048